000 00843nam a2200181 i 4500
001 158621
003 ES-MaACL
005 20230906211237.0
008 040901s1877 sp |||| | spa d
040 _aCAM
_bspa
_cCAM
100 1 _aManjarrés y Bofarull, Ramón de.
_976031
245 1 0 _aMemoria sobre los medios empleados fraudulentamente para dar color á los vinos y especialmente del uso de la fuchsina
_b: informe dado á la Junta Directiva del Instituto Agrícola Catalan de San Isidro /
_cpor Ramon de Majarrés y Bofarull.
260 _aBarcelona :
_b[s.n.],
_c1877 (
_fImprenta Barcelonesa)
300 _a19 p. ;
_c24 cm.
650 4 _aViticultura.
_9136993
710 2 _aInstitut Agrícola Català de Sant Isidre.
_9176166
852 _aES-MaACL
_jT-670-F-2
_z-- Enc. hol. conservando la cub. orignal
_z-- Enc. en un vol. facticio
999 _c158621
_d158621